000 00311nam a22001217a 4500
020 _a9061918650
082 _a627.8
_bARC
_cL-22, P-17
100 _aLaginha
_947432
245 _aArch Dams
_cLaginha
260 _aNetherlands
_bA.A. Balkema
_cc1990
526 _a0
_b0
_c0
_d627_800000000000000_ARC
942 _2ddc
_cBK
999 _c550694
_d550694